| 000 | 01584nam a2200457 c 4500 | ||
|---|---|---|---|
| 001 | 19138 | ||
| 003 | ES-MaCES | ||
| 005 | 20160321143140.0 | ||
| 008 | 060727s2006 sp t 000 | spa d | ||
| 017 |
_aV 531-2006 _bDL |
||
| 020 | _a8484565173 (Tirant lo Blanch) | ||
| 020 | _a8437064538 (Universitat de València) | ||
| 035 | _aCES20060009784m | ||
| 040 |
_aES-MaCES _bspa _cES-MaCES |
||
| 100 | 1 |
_aBallester Pastor, María Amparo _96982 |
|
| 245 | 1 | 3 |
_aEl acceso al empleo de los trabajadores extracomunitarios _cMaría Amparo Ballester Pastor |
| 260 |
_aValencia _bTirant lo Blanch _bUniversitat de València _c2006 |
||
| 300 |
_a366 p. _c22 cm |
||
| 490 | 1 |
_aPropuestas _vr'. Monografía |
|
| 504 | _aBibliografía: p. 357-366 | ||
| 541 | _cCompra | ||
| 650 | 4 |
_aempleo _928299 |
|
| 650 | 4 |
_ainmigrante _928631 |
|
| 650 | 4 |
_aextranjero _928630 |
|
| 650 | 4 |
_atrabajador migrante _928408 |
|
| 650 | 4 |
_apermiso de trabajo _929013 |
|
| 650 | 4 |
_apermiso de residencia _929829 |
|
| 650 | 4 |
_aprocedimiento administrativo _930919 |
|
| 650 | 4 |
_apolítica migratoria _929183 |
|
| 650 | 4 |
_aderecho del trabajo _927165 |
|
| 650 | 4 |
_aderecho comunitario _929866 |
|
| 650 | 4 |
_aEspaña _926964 |
|
| 650 | 4 |
_arégimen jurídico _929894 |
|
| 653 | 1 | 0 | _aDerecho del trabajo y Seguridad Social |
| 710 | 2 |
_95337 _aUniversidad de Valencia _eed. |
|
| 830 | 0 |
_aPropuestas (Tirant lo Blanch) _vr' _933226 |
|
| 830 | 0 |
_aPropuestas (Tirant lo Blanch) _pMonografías _933227 |
|
| 902 | _aLIB Libro | ||
| 942 |
_2CES _cBK _h6.0.1. |
||
| 999 |
_c19138 _d19138 |
||